Сборник заданий для курсовых работ по теоретической механике: учебное пособие

Dades bibliogràfiques
Altres autors: Яблонский А. А. (редактор)
Sumari:Сборник содержит 45 заданий в 30-ти вариантах по статике, кинематике, динамике, аналитической механике и колебаниям механической системы для курсовых работ по теоретической механике. Ряд заданий требует проведения исследований. Приведены примеры выполнения заданий. Предназначен в качестве учебного пособия для студентов втузов очной, вечерней и заочной систем обучения.
Исключено из фонда НТБ ТПУ
Idioma:rus
Publicat: Москва, Интеграл-Пресс, 2005
Edició:14-е изд., стер.
Matèries:
Format: MixedMaterials Llibre
KOHA link:https://koha.lib.tpu.ru/cgi-bin/koha/opac-detail.pl?biblionumber=47774

MARC

LEADER 00000nam0a2200000 4500
001 47774
005 20260416114234.0
010 |a 5896020163 
035 |a (RuTPU)RU\TPU\book\49921 
090 |a 47774 
100 |a 20030225d2005 m y0rusy50 ca 
101 0 |a rus 
102 |a RU 
105 |a a j 001zy 
200 1 |a Сборник заданий для курсовых работ по теоретической механике  |e учебное пособие  |f под ред. А. А. Яблонского 
205 |a 14-е изд., стер. 
210 |a Москва  |c Интеграл-Пресс  |d 2005 
215 |a 384 с.  |c ил. 
320 |a Библиогр.: с. 378-379. 
330 |a Сборник содержит 45 заданий в 30-ти вариантах по статике, кинематике, динамике, аналитической механике и колебаниям механической системы для курсовых работ по теоретической механике. Ряд заданий требует проведения исследований. Приведены примеры выполнения заданий. Предназначен в качестве учебного пособия для студентов втузов очной, вечерней и заочной систем обучения. 
333 |a Исключено из фонда НТБ ТПУ 
451 1 |0 (RuTPU)RU\TPU\book\124604  |y 5-89602-016-3  |t Сборник заданий для курсовых работ по теоретической механике  |o учебное пособие  |f под ред. А. А. Яблонского  |e 16-е изд., стер.  |c М.  |n Интеграл-Пресс  |d 2007  |p 384 с. 
451 1 |0 (RuTPU)RU\TPU\book\108585  |y 5-89602-016-3  |t Сборник заданий для курсовых работ по теоретической механике  |o учебное пособие  |f под ред. А. А. Яблонского  |e 9-е изд., стер.  |c М.  |n Интеграл-Пресс  |d 2002  |p 384 с. 
610 1 |a теоретическая механика 
610 1 |a твердые тела 
610 1 |a статика 
610 1 |a кинематика 
610 1 |a динамика 
610 1 |a курсовые работы 
610 1 |a практические пособия 
610 1 |a учебные пособия 
675 |a 531(076)  |v 3 
702 1 |a Яблонский  |b А. А.  |4 340 
801 1 |a RU  |b 63413507  |c 20030225  |g PSBO 
801 2 |a RU  |b 63413507  |c 20150827  |g PSBO 
942 |c BK